[Event "Benedictine IV"]
[Site "Manchester"]
[Date "1981.09.06"]
[Round "3"]
[White "Flear, Glenn C"]
[Black "Ligterink, Gert"]
[Result "1/2-1/2"]
[WhiteElo "2385"]
[BlackElo "2450"]
[PlyCount "57"]
[EventDate "1981.09.04"]
[EventType "swiss"]
[EventRounds "9"]
[EventCountry "ENG"]
[SourceTitle "Ligterink, Gert"]

1. d4 Nf6 2. c4 e6 3. Nc3 Bb4 4. e3 c5 5. Bd3 Nc6 6. Nf3 Bxc3+ 7. bxc3 d6 8.
O-O e5 9. Ng5 Qe7 10. Qc2 h6 11. Ne4 Nxe4 12. Bxe4 O-O 13. Ba3 Re8 14. dxc5
dxc5 15. Rad1 Be6 16. Bd5 Rac8 17. e4 Na5 18. Qe2 b6 19. Bc1 Rcd8 20. Rd3 Nxc4
21. Rg3 Bxd5 22. exd5 Nd6 23. Bxh6 Nf5 24. Qg4 Qf6 25. Bg5 Qg6 26. Bxd8 Nxg3
27. Qxg3 Qxg3 28. hxg3 Rxd8 29. Rd1 {Source: Gert Ligterink} 1/2-1/2

[Event "Benedictine IV"]
[Site "Manchester"]
[Date "1981.09.06"]
[Round "3"]
[White "Hempson, Peter W"]
[Black "Petursson, Margeir"]
[Result "0-1"]
[WhiteElo "2245"]
[BlackElo "2460"]
[PlyCount "64"]
[EventDate "1981.09.04"]
[EventType "swiss"]
[EventRounds "9"]
[EventCountry "ENG"]
[SourceTitle "Bulletin 1981"]

1. d4 d5 2. c4 e6 3. Nc3 c5 4. cxd5 exd5 5. Nf3 Nc6 6. e3 Nf6 7. Ne5 Bd6 8.
Nxc6 bxc6 9. dxc5 Bxc5 10. Be2 O-O 11. O-O Re8 12. b3 Bd6 13. Bb2 h5 14. Bxh5
Nxh5 15. Qxh5 Re6 16. g3 Rh6 17. Qe2 Qd7 18. f3 Qh3 19. Rf2 Qh5 20. f4 Bg4 21.
Qd2 Re8 22. Qd4 Rg6 23. Raf1 Bf5 24. Re1 Qh4 25. Qxa7 c5 26. Rg2 Qh5 27. Nxd5
Qf3 28. Nc3 Bxf4 29. Qxc5 Bh3 30. Rf2 Rxg3+ 31. hxg3 Qxg3+ 32. Kh1 Qxf2 {
Source: Bulletin} 0-1

[Event "Benedictine IV"]
[Site "Manchester"]
[Date "1981.09.06"]
[Round "3"]
[White "Kraidman, Yair"]
[Black "Roos, Daniel"]
[Result "0-1"]
[WhiteElo "2440"]
[BlackElo "2360"]
[PlyCount "103"]
[EventDate "1981.09.04"]
[EventType "swiss"]
[EventRounds "9"]
[EventCountry "ENG"]
[SourceTitle "Bulletin 1981"]

1. d4 Nf6 2. c4 g6 3. Nc3 d5 4. Nf3 Bg7 5. Bf4 c6 6. e3 O-O 7. Be2 dxc4 8. Bxc4
Nd5 9. Be5 Nxc3 10. bxc3 Bg4 11. Bxg7 Kxg7 12. Qb3 b5 13. Be2 Nd7 14. O-O Nb6
15. h3 Be6 16. Qc2 Bc4 17. Ne5 Bxe2 18. Qxe2 Rc8 19. f4 a6 20. f5 Nd7 21. Nd3
c5 22. Rf2 cxd4 23. cxd4 Qb6 24. Raf1 Qd6 25. Nf4 Nf6 26. Qf3 Rc3 27. h4 Qc6
28. d5 Qc5 29. Re2 Qb4 30. fxg6 hxg6 31. Qg3 Qe4 32. Qg5 Nh7 33. Qg4 Rc4 34.
Qg3 Nf6 35. h5 Nxd5 36. Nxd5 Qxd5 37. hxg6 f6 38. Rf4 Rh8 39. Qg4 Rxf4 40. Qxf4
Rh5 41. Qd4 Kxg6 42. Rd2 Qxd4 43. Rxd4 Rc5 44. a4 Rc4 45. Rd7 Rxa4 46. Rxe7 b4
47. Rb7 a5 48. Kf2 Ra3 49. Ke2 b3 50. Kd2 a4 51. Rb4 Ra1 52. g3 {Source:
Bulletin} 0-1

[Event "Benedictine IV"]
[Site "Manchester"]
[Date "1981.09.06"]
[Round "3"]
[White "Murey, Jacob"]
[Black "Martin, Andrew D"]
[Result "1-0"]
[WhiteElo "2450"]
[BlackElo "2345"]
[PlyCount "47"]
[EventDate "1981.09.04"]
[EventType "swiss"]
[EventRounds "9"]
[EventCountry "ENG"]
[SourceTitle "Bulletin 1981"]

1. e4 c5 2. Nf3 d6 3. d4 cxd4 4. Nxd4 Nf6 5. Nc3 Nc6 6. Bg5 e6 7. Qd2 a6 8.
O-O-O h6 9. Nxc6 bxc6 10. Bf4 d5 11. a3 Be7 12. Bd3 Bb7 13. h4 Nd7 14. exd5
cxd5 15. g4 Bxh4 16. Kb1 Be7 17. g5 h5 18. g6 f6 19. Qe2 Qb6 20. Bf5 Nc5 21.
Rhe1 O-O-O 22. Na4 Qc6 23. Nxc5 Bxc5 24. Qxe6+ {Source: Bulletin} 1-0

[Event "Benedictine IV"]
[Site "Manchester"]
[Date "1981.09.06"]
[Round "3"]
[White "Pytel, Krzysztof"]
[Black "Smith, Alan A"]
[Result "1-0"]
[WhiteElo "2400"]
[BlackElo "2250"]
[PlyCount "87"]
[EventDate "1981.09.04"]
[EventType "swiss"]
[EventRounds "9"]
[EventCountry "ENG"]
[SourceTitle "Bulletin 1981"]

1. d4 Nf6 2. c4 d6 3. Nc3 Nbd7 4. e4 e5 5. d5 Be7 6. Bd3 O-O 7. h3 Ne8 8. Nf3
c5 9. a3 g6 10. Bh6 Ng7 11. g4 Kh8 12. Qd2 Nf6 13. O-O-O Bd7 14. Bc2 a6 15.
Nxe5 dxe5 16. d6 Bc6 17. dxe7 Qxe7 18. Nd5 Qe6 19. f3 Rab8 20. h4 b5 21. cxb5
axb5 22. h5 Ng8 23. Be3 b4 24. Bxc5 bxa3 25. Bxa3 Rfc8 26. Kb1 Bb5 27. hxg6
Qxg6 28. Qh2 h6 29. Qxe5 Be2 30. Rd2 Bxf3 31. Rf1 Bxg4 32. Nf6 Bh3 33. Nxg8
Bxf1 34. Ne7 Qg1 35. Qh2 Qe3 36. Nxc8 Rxc8 37. Qf2 Qg5 38. b3 Bh3 39. Bb2 Kg8
40. Rd3 Bg4 41. Rd6 Ne8 42. Qd4 Kf8 43. Rd5 Qg6 44. Qh8+ {Source: Bulletin} 1-0

[Event "Benedictine IV"]
[Site "Manchester"]
[Date "1981.09.06"]
[Round "3"]
[White "Ravikumar, Vaidyanathan"]
[Black "Keene, Raymond D"]
[Result "1/2-1/2"]
[WhiteElo "2325"]
[BlackElo "2475"]
[PlyCount "101"]
[EventDate "1981.09.04"]
[EventType "swiss"]
[EventRounds "9"]
[EventCountry "ENG"]
[SourceTitle "Bulletin 1981"]

1. d4 g6 2. e4 Bg7 3. Nc3 c5 4. d5 d6 5. Be3 Nf6 6. f3 Na6 7. Qd2 Nc7 8. Nh3
Bxh3 9. gxh3 O-O 10. Rg1 Qd7 11. O-O-O b5 12. Ne2 b4 13. Ng3 Qa4 14. Bc4 Nd7
15. Nf5 Rfe8 16. Nxg7 Kxg7 17. Bh6+ Kg8 18. h4 Ne5 19. Qe2 Nxc4 20. Qxc4 Qa6
21. Qxa6 Nxa6 22. h5 Kh8 23. h4 Rg8 24. Bf4 f6 25. Kd2 gxh5 26. Kd3 Nc7 27. Kc4
Rg6 28. Be3 Rag8 29. a3 Rb8 30. Ra1 a6 31. b3 Kg7 32. f4 Kf7 33. f5 Rg4 34.
Rxg4 hxg4 35. axb4 Rxb4+ 36. Kd3 h5 37. Bd2 Rb8 38. Ke3 Ke8 39. Ra3 Kd7 40. Be1
Kc8 41. c4 Rb7 42. Kd3 Ra7 43. Bf2 Kd7 44. Ra5 Ra8 45. Bg3 Kc8 46. Kc3 Kb7 47.
Kd3 Kb6 48. Ra4 a5 49. Be1 Ra7 50. Ke3 Ra6 51. Kf4 {Source: Bulletin} 1/2-1/2

[Event "Benedictine IV"]
[Site "Manchester"]
[Date "1981.09.06"]
[Round "3"]
[White "Tisdall, Jonathan D"]
[Black "Basman, Michael John"]
[Result "0-1"]
[WhiteElo "2415"]
[BlackElo "2400"]
[PlyCount "66"]
[EventDate "1981.09.04"]
[EventType "swiss"]
[EventRounds "9"]
[EventCountry "ENG"]
[SourceTitle "Bulletin 1981"]

1. c4 g5 2. d4 h6 3. Nc3 Bg7 4. e4 c5 5. d5 d6 6. Be3 Bxc3+ 7. bxc3 Qa5 8. Qd2
f5 9. exf5 Bxf5 10. h4 gxh4 11. Bd3 Bxd3 12. Qxd3 Nd7 13. Qg6+ Kd8 14. Ne2 Ngf6
15. Rxh4 Kc7 16. Qc2 Rag8 17. Nf4 Kb8 18. Rb1 Nb6 19. Rb5 Qa4 20. Qb3 Nfd7 21.
Nh5 Rxg2 22. Kf1 Rgg8 23. Re4 Rh7 24. Bf4 Ka8 25. f3 Rf7 26. Kf2 Rgf8 27. Kg3
a6 28. Rxb6 Nxb6 29. Qxb6 Qc2 30. Kh3 Qf2 31. Bg3 Qxf3 32. Rg4 Qh1+ 33. Bh2 Rf2
{Source: Bulletin} 0-1

[Event "Benedictine IV"]
[Site "Manchester"]
[Date "1981.09.06"]
[Round "3"]
[White "Van der Sterren, Paul"]
[Black "Kuligowski, Adam"]
[Result "0-1"]
[WhiteElo "2420"]
[BlackElo "2405"]
[PlyCount "106"]
[EventDate "1981.09.04"]
[EventType "swiss"]
[EventRounds "9"]
[EventCountry "ENG"]
[SourceTitle "Bulletin 1981"]

1. d4 Nf6 2. c4 c5 3. d5 b5 4. cxb5 a6 5. bxa6 Bxa6 6. g3 d6 7. Bg2 g6 8. b3
Bg7 9. Bb2 Nbd7 10. Nh3 O-O 11. O-O Qb6 12. Bc3 Rfb8 13. Nd2 Ne8 14. Bxg7 Nxg7
15. Nf4 Ne5 16. Bh3 Qb4 17. Re1 g5 18. Nd3 Bxd3 19. exd3 Qxd2 20. Qxd2 Nf3+ 21.
Kf1 Nxd2+ 22. Ke2 Nxb3 23. axb3 Rxa1 24. Rxa1 h5 25. Rb1 Rb4 26. Bd7 Rd4 27.
Bc6 Nf5 28. Kd2 Rb4 29. Kc3 Nd4 30. Ba4 Nf3 31. Bd7 Kg7 32. Rh1 Kg6 33. Bc8 Nd4
34. Rb1 Nb5+ 35. Kd2 Nc7 36. Bh3 Nxd5 37. Bg2 Nc7 38. Bf3 h4 39. Bd1 hxg3 40.
hxg3 Rb6 41. Bc2 Kg7 42. Re1 e6 43. Rh1 Nb5 44. Bd1 Ra6 45. Rh5 Ra2+ 46. Ke3
Kg6 47. Rh8 f5 48. Bh5+ Kg7 49. Rd8 Ra7 50. Be8 Nd4 51. Rxd6 Ra2 52. Bh5 g4 53.
f3 e5 {Source: Bulletin} 0-1

[Event "Benedictine IV"]
[Site "Manchester"]
[Date "1981.09.07"]
[Round "4"]
[White "Arnason, Jon L"]
[Black "Flear, Glenn C"]
[Result "1/2-1/2"]
[WhiteElo "2440"]
[BlackElo "2385"]
[PlyCount "100"]
[EventDate "1981.09.04"]
[EventType "swiss"]
[EventRounds "9"]
[EventCountry "ENG"]
[SourceTitle "Bulletin 1981"]

1. e4 e5 2. Nf3 Nc6 3. Bb5 a6 4. Ba4 Nf6 5. O-O b5 6. Bb3 Bb7 7. Nc3 Be7 8. d3
O-O 9. Bd2 d6 10. a4 Na5 11. Ba2 b4 12. Ne2 d5 13. exd5 Bxd5 14. Bxd5 Qxd5 15.
Ng3 Rfe8 16. Re1 Bf8 17. Bg5 Nd7 18. Nd2 b3 19. c4 Qxd3 20. Nxb3 Qxd1 21. Raxd1
Nxb3 22. Rxd7 Nc5 23. Rd5 Nxa4 24. b3 Nb6 25. Rd3 a5 26. Be3 a4 27. c5 Nc8 28.
Ra1 a3 29. b4 Ne7 30. Raxa3 Rxa3 31. Rxa3 Rb8 32. Bd2 Nc6 33. Ra4 f5 34. Be1 g6
35. Nf1 Bh6 36. Ne3 Bxe3 37. fxe3 Kf7 38. Ra6 Nxb4 39. Bxb4 Rxb4 40. Ra7 Ke6
41. Rxc7 Rc4 42. Rxh7 Rxc5 43. Rg7 Kf6 44. Rh7 Kg5 45. Rb7 Rc2 46. Kf1 e4 47.
Rb6 Rc5 48. Kf2 Rc1 49. Ra6 Rc2+ 50. Kf1 Rb2 {Source: Bulletin} 1/2-1/2

[Event "Benedictine IV"]
[Site "Manchester"]
[Date "1981.09.07"]
[Round "4"]
[White "Basman, Michael John"]
[Black "Miles, Anthony J"]
[Result "0-1"]
[WhiteElo "2400"]
[BlackElo "2565"]
[PlyCount "44"]
[EventDate "1981.09.04"]
[EventType "swiss"]
[EventRounds "9"]
[EventCountry "ENG"]
[SourceTitle "BCM-1981-11, Bulletin"]

1. g4 e5 2. h3 d5 3. Bg2 Nc6 4. c4 dxc4 5. Qa4 Nge7 6. Nf3 Ng6 7. Nc3 Be6 8. h4
Bb4 9. Ng5 Bd7 10. Bd5 O-O 11. Qc2 Bxg4 12. Qe4 Bd7 13. Nxh7 Nd4 14. h5 Nf4 15.
Nxf8 Qxf8 16. Kf1 Re8 17. Bxc4 Bc6 18. Nd5 Qc5 19. d3 Nxd5 20. Rg1 Nf4 21. Qe3
Qf8 22. Qg3 Ndxe2 {Source: Bulletin & BCM, Nov 1981, p484} 0-1

[Event "Benedictine IV"]
[Site "Manchester"]
[Date "1981.09.07"]
[Round "4"]
[White "Dlugy, Maxim"]
[Black "Haik, Aldo"]
[Result "0-1"]
[WhiteElo "2350"]
[BlackElo "2440"]
[PlyCount "70"]
[EventDate "1981.09.04"]
[EventType "swiss"]
[EventRounds "9"]
[EventCountry "ENG"]
[SourceTitle "Bulletin 1981"]

1. d4 Nf6 2. c4 c5 3. d5 e5 4. Nc3 d6 5. e4 Be7 6. g3 a6 7. a4 Nbd7 8. Nh3 Nf8
9. f4 exf4 10. gxf4 Ng4 11. Qd3 g5 12. Nxg5 Bxg5 13. fxg5 Ng6 14. h3 N4e5 15.
Qg3 f5 16. Be2 O-O 17. O-O f4 18. Bxf4 Nxf4 19. Rxf4 Rxf4 20. Qxf4 Bxh3 21. Nd1
Qe7 22. Qg3 Bd7 23. Ne3 Kh8 24. Kh2 Rg8 25. Rg1 Nf7 26. Qf4 Nxg5 27. Bg4 Qg7
28. Rg3 Bxg4 29. Nxg4 Rf8 30. Qe3 Qxb2+ 31. Rg2 Qg7 32. e5 Nf3+ 33. Kh1 Qg6 34.
Rg3 Qb1+ 35. Kg2 Nxe5 {Source: Bulletin} 0-1

[Event "Benedictine IV"]
[Site "Manchester"]
[Date "1981.09.07"]
[Round "4"]
[White "Gurevich, Dmitry"]
[Black "Braga, Cicero"]
[Result "1-0"]
[WhiteElo "2425"]
[BlackElo "2340"]
[PlyCount "63"]
[EventDate "1981.09.04"]
[EventType "swiss"]
[EventRounds "9"]
[EventCountry "ENG"]
[SourceTitle "Bulletin 1981"]

1. d4 Nf6 2. c4 g6 3. Nf3 Bg7 4. g3 O-O 5. Bg2 d6 6. O-O Nc6 7. Nc3 a6 8. d5
Na5 9. Nd2 c5 10. Qc2 Rb8 11. b3 b5 12. Bb2 bxc4 13. bxc4 Bh6 14. f4 e5 15.
dxe6 Bxe6 16. Nd5 Bxd5 17. cxd5 Rxb2 18. Qxb2 Bg7 19. Qa3 Ng4 20. Rab1 Re8 21.
Bf3 Ne3 22. Rfc1 Bd4 23. Kh1 h5 24. Qa4 h4 25. g4 h3 26. Rb6 Nxd5 27. Rxa6 Be3
28. Bxd5 Bxd2 29. Ra8 Qxa8 30. Bxa8 Rxa8 31. Rd1 Be3 32. Qe4 {Source: Bulletin}
1-0

[Event "Benedictine IV"]
[Site "Manchester"]
[Date "1981.09.07"]
[Round "4"]
[White "Keene, Raymond D"]
[Black "Hodgson, Julian M"]
[Result "1/2-1/2"]
[WhiteElo "2475"]
[BlackElo "2370"]
[PlyCount "36"]
[EventDate "1981.09.04"]
[EventType "swiss"]
[EventRounds "9"]
[EventCountry "ENG"]
[SourceTitle "Bulletin 1981"]

1. d4 b5 2. e4 Bb7 3. Bxb5 Bxe4 4. Nf3 e6 5. O-O Nf6 6. c4 Be7 7. Ba4 O-O 8.
Nc3 Bb7 9. Bc2 d6 10. Re1 Nbd7 11. Bg5 c5 12. dxc5 Nxc5 13. Nd4 a6 14. Qe2 Re8
15. Rad1 Qc7 16. Bh4 Rac8 17. Bg3 Bf8 18. Bh4 Be7 {Source: Bulletin} 1/2-1/2

[Event "Benedictine IV"]
[Site "Manchester"]
[Date "1981.09.07"]
[Round "4"]
[White "Knox, Victor W"]
[Black "Henley, Ron W"]
[Result "1/2-1/2"]
[WhiteElo "2315"]
[BlackElo "2455"]
[PlyCount "31"]
[EventDate "1981.09.04"]
[EventType "swiss"]
[EventRounds "9"]
[EventCountry "ENG"]
[SourceTitle "Bulletin 1981"]

1. e4 e6 2. d4 d5 3. Nc3 Bb4 4. e5 c5 5. Bd2 Nc6 6. Nb5 Bxd2+ 7. Qxd2 Nxd4 8.
Nxd4 cxd4 9. f4 Qb6 10. O-O-O Ne7 11. Nf3 Nc6 12. Nxd4 Bd7 13. g4 Nxd4 14. Qxd4
Qxd4 15. Rxd4 f6 16. exf6 {Source: Bulletin} 1/2-1/2

[Event "Benedictine IV"]
[Site "Manchester"]
[Date "1981.09.07"]
[Round "4"]
[White "Kuligowski, Adam"]
[Black "Ravikumar, Vaidyanathan"]
[Result "1-0"]
[WhiteElo "2405"]
[BlackElo "2325"]
[PlyCount "101"]
[EventDate "1981.09.04"]
[EventType "swiss"]
[EventRounds "9"]
[EventCountry "ENG"]
[SourceTitle "Bulletin 1981"]

1. d4 Nf6 2. c4 g6 3. Nc3 Bg7 4. e4 d6 5. f3 O-O 6. Bg5 a6 7. Qd2 Nc6 8. d5 Na7
9. Bd3 Bd7 10. a4 c5 11. Nge2 Qc7 12. a5 Rfb8 13. O-O b5 14. axb6 Rxb6 15. Ra3
Nc8 16. b3 Ne8 17. Rb1 Qb8 18. Qa2 Nc7 19. Bd2 a5 20. Bc2 Ra7 21. Na4 Rba6 22.
Nb2 Qa8 23. Ra1 Nb6 24. Nc3 Bd4+ 25. Kh1 Qf8 26. Qb1 Qg7 27. Ncd1 a4 28. bxa4
Nxc4 29. Nxc4 Bxa1 30. Rxa1 Bxa4 31. Bxa4 Rxa4 32. Rxa4 Rxa4 33. Bc3 Qf8 34.
Na5 Qa8 35. Nc6 e5 36. h4 Ne8 37. Qc1 Qa6 38. Qh6 Ng7 39. Ne3 Ra2 40. Qg5 Nh5
41. Qd8+ Kg7 42. Qxd6 f6 43. Qe7+ Kg8 44. Qe8+ Kg7 45. Nxe5 Ng3+ 46. Kh2 Kh6
47. N5g4+ Kh5 48. Kxg3 Qd6+ 49. e5 fxe5 50. Bxe5 Qa6 51. Nf5 {Some errors in
the bulletin, but that looks the likeliest finish. Source: Bulletin} 1-0

[Event "Benedictine IV"]
[Site "Manchester"]
[Date "1981.09.07"]
[Round "4"]
[White "Martin, Andrew D"]
[Black "Schiller, Eric"]
[Result "1/2-1/2"]
[WhiteElo "2345"]
[BlackElo "2235"]
[PlyCount "43"]
[EventDate "1981.09.04"]
[EventType "swiss"]
[EventRounds "9"]
[EventCountry "ENG"]
[SourceTitle "Bulletin 1981"]

1. Nf3 e6 2. d4 d5 3. g3 Nf6 4. Bg2 c5 5. O-O Nc6 6. c4 Be7 7. cxd5 exd5 8. Nc3
O-O 9. Bf4 Be6 10. Rc1 c4 11. Ne5 Qb6 12. Rc2 Rad8 13. Rd2 Bb4 14. Bg5 Ne7 15.
e4 Nxe4 16. Bxe7 Bxe7 17. Nxe4 dxe4 18. d5 Qc7 19. dxe6 Qxe5 20. exf7+ Kxf7 21.
Rxd8 Rxd8 22. Qe2 {Source: Bulletin} 1/2-1/2

[Event "Benedictine IV"]
[Site "Manchester"]
[Date "1981.09.07"]
[Round "4"]
[White "Petursson, Margeir"]
[Black "Bellin, Robert"]
[Result "1/2-1/2"]
[WhiteElo "2460"]
[BlackElo "2390"]
[PlyCount "98"]
[EventDate "1981.09.04"]
[EventType "swiss"]
[EventRounds "9"]
[EventCountry "ENG"]
[SourceTitle "Bulletin 1981"]

1. d4 f5 2. Nf3 e6 3. g3 Nf6 4. Bg2 Be7 5. O-O O-O 6. c4 d5 7. b3 Nc6 8. Bb2
Bd7 9. Ne5 Be8 10. Nd2 Nxe5 11. dxe5 Ne4 12. cxd5 exd5 13. Nxe4 fxe4 14. f4
exf3 15. exf3 Bc5+ 16. Bd4 Ba3 17. f4 c5 18. b4 Bxb4 19. a3 cxd4 20. axb4 Bb5
21. Rf2 d3 22. Qf3 Bc4 23. Qe3 Qb6 24. Qxb6 axb6 25. Rd1 Ra3 26. Bf1 Rfa8 27.
Rfd2 Bb3 28. Re1 Bc4 29. Red1 Bb3 30. Rb1 Bc4 31. Rbb2 Rc3 32. Kf2 Ra1 33. Bg2
Rac1 34. Ke3 R3c2 35. Bf3 Kf7 36. Kd4 Rxb2 37. Rxb2 Rc2 38. Rb1 Rxh2 39. Bxd5+
Bxd5 40. Kxd5 Rg2 41. Rc1 Rxg3 42. Rc7+ Ke8 43. Rc4 d2 44. Rd4 Rg4 45. Rxd2
Rxf4 46. Kd6 Rxb4 47. Re2 Rd4+ 48. Ke6 Kd8 49. Rf2 Ke8 {Source: Bulletin}
1/2-1/2

[Event "Benedictine IV"]
[Site "Manchester"]
[Date "1981.09.07"]
[Round "4"]
[White "Roos, Daniel"]
[Black "Murey, Jacob"]
[Result "0-1"]
[WhiteElo "2360"]
[BlackElo "2450"]
[PlyCount "96"]
[EventDate "1981.09.04"]
[EventType "swiss"]
[EventRounds "9"]
[EventCountry "ENG"]
[SourceTitle "Bulletin 1981"]

1. e4 c5 2. Nc3 Nc6 3. g3 d6 4. Bg2 g6 5. d3 Bg7 6. f4 e5 7. Nh3 h5 8. Be3 Nd4
9. Nf2 h4 10. Nd5 Nf6 11. Nxf6+ Qxf6 12. c3 exf4 13. gxf4 h3 14. Bf1 Ne6 15.
Qd2 Rh4 16. O-O-O Nxf4 17. d4 Ng2 18. Bxg2 hxg2 19. Rhg1 Rxh2 20. dxc5 Qe6 21.
cxd6 Bd7 22. Kb1 Ba4 23. b3 Bc6 24. Kb2 a5 25. Nd3 Rh1 26. Nc5 Qh3 27. d7+ Bxd7
28. Qxd7+ Qxd7 29. Rxd7 b6 30. Rxg2 bxc5 31. Rgd2 Rh3 32. R7d3 Rc8 33. Bg5 Rxd3
34. Rxd3 f6 35. Be3 Bf8 36. Rd5 Kf7 37. Kc2 Ke6 38. c4 Bd6 39. Bd2 g5 40. Kd3
g4 41. Ke3 Rh8 42. Bxa5 Rh3+ 43. Kf2 Rh2+ 44. Kg1 Re2 45. Bc3 Bh2+ 46. Kh1 Bf4
47. Rf5 Bg5 48. Rxc5 Be3 {Source: Bulletin} 0-1

[Event "Benedictine IV"]
[Site "Manchester"]
[Date "1981.09.07"]
[Round "4"]
[White "Sydor, Andrzej"]
[Black "Tisdall, Jonathan D"]
[Result "1-0"]
[WhiteElo "2420"]
[BlackElo "2415"]
[PlyCount "53"]
[EventDate "1981.09.04"]
[EventType "swiss"]
[EventRounds "9"]
[EventCountry "ENG"]
[SourceTitle "Bulletin 1981"]

1. d4 Nf6 2. Nf3 e6 3. c4 Bb4+ 4. Nbd2 c5 5. dxc5 Bxc5 6. e3 O-O 7. a3 a5 8. b3
b6 9. Bb2 Nc6 10. Be2 Bb7 11. O-O Rc8 12. Qb1 d5 13. Rd1 Qe7 14. cxd5 exd5 15.
Nf1 Rfd8 16. Ng3 g6 17. Nd4 Ne4 18. Nxc6 Bxc6 19. Nxe4 Qxe4 20. Bf3 Qe6 21. Qd3
Qd7 22. b4 axb4 23. axb4 Be7 24. Qd4 f6 25. Bg4 Qd6 26. Bxc8 Rxc8 27. b5 {
Source: Bulletin} 1-0

[Event "Benedictine IV"]
[Site "Manchester"]
[Date "1981.09.08"]
[Round "5"]
[White "Braga, Cicero"]
[Black "Martin, Andrew D"]
[Result "0-1"]
[WhiteElo "2340"]
[BlackElo "2345"]
[PlyCount "58"]
[EventDate "1981.09.04"]
[EventType "swiss"]
[EventRounds "9"]
[EventCountry "ENG"]
[SourceTitle "Bulletin 1981"]

1. e4 Nf6 2. Nc3 d6 3. g3 g6 4. Bg2 Bg7 5. d3 O-O 6. h3 c6 7. f4 e5 8. g4 exf4
9. Bxf4 d5 10. exd5 Nxd5 11. Nxd5 cxd5 12. c3 Re8+ 13. Kf1 Nc6 14. Nf3 b5 15.
Qd2 b4 16. cxb4 Qb6 17. Bd6 Ba6 18. Bc5 Qd8 19. a4 Qf6 20. b5 Ne5 21. Kf2 Bb7
22. Kg3 d4 23. Nxd4 Bxg2 24. Kxg2 Nd7 25. Nb3 Qe6 26. Qc2 Qd5+ 27. Kg3 Nxc5 28.
Nxc5 Re3+ 29. Kh2 Be5+ {Source: Bulletin} 0-1

[Event "Benedictine IV"]
[Site "Manchester"]
[Date "1981.09.08"]
[Round "5"]
[White "Ciric, Dragoljub M"]
[Black "Knox, Victor W"]
[Result "1-0"]
[WhiteElo "2400"]
[BlackElo "2315"]
[PlyCount "71"]
[EventDate "1981.09.04"]
[EventType "swiss"]
[EventRounds "9"]
[EventCountry "ENG"]
[SourceTitle "Bulletin 1981"]

1. e4 e5 2. Nf3 Nc6 3. Bb5 a6 4. Ba4 d6 5. O-O Bg4 6. h3 h5 7. Bxc6+ bxc6 8. d4
Bxf3 9. Qxf3 exd4 10. Rd1 Ne7 11. Rxd4 Ng6 12. Qc3 c5 13. Rd1 Be7 14. f4 O-O
15. Qf3 h4 16. e5 Qc8 17. exd6 cxd6 18. Nc3 Qf5 19. Rd5 Qxc2 20. Qg4 Bf6 21.
Rd2 Bd4+ 22. Kf1 Ne5 23. Rxc2 Nxg4 24. hxg4 f5 25. g5 Kf7 26. Ne2 Rfe8 27. Nxd4
cxd4 28. Bd2 Re4 29. Rc7+ Kg6 30. Rd7 Kh5 31. Rxd6 Kg4 32. Re1 Rae8 33. Rxe4
Rxe4 34. Rxa6 h3 35. gxh3+ Kxh3 36. Ra3+ {Source: Bulletin} 1-0

[Event "Benedictine IV"]
[Site "Manchester"]
[Date "1981.09.08"]
[Round "5"]
[White "Flear, Glenn C"]
[Black "Roos, Daniel"]
[Result "0-1"]
[WhiteElo "2385"]
[BlackElo "2360"]
[PlyCount "70"]
[EventDate "1981.09.04"]
[EventType "swiss"]
[EventRounds "9"]
[EventCountry "ENG"]
[SourceTitle "Bulletin 1981"]

1. d4 Nf6 2. c4 g6 3. Nc3 d5 4. Bf4 Bg7 5. Rc1 c6 6. e3 O-O 7. Nf3 dxc4 8. Bxc4
Nbd7 9. O-O Nb6 10. Bb3 Nbd5 11. Be5 Nxc3 12. bxc3 c5 13. Qe2 Ne4 14. Rfd1 Qa5
15. Bxg7 Kxg7 16. Ne5 Qc7 17. f3 Nd6 18. Bc2 b6 19. Qf2 Ba6 20. e4 Rac8 21. f4
cxd4 22. cxd4 Nxe4 23. Qe1 Nc3 24. Bd3 Bxd3 25. Nxd3 Qd6 26. Rd2 Qxd4+ 27. Nf2
Qc4 28. Kh1 Qa6 29. Qe5+ Kg8 30. Ng4 h5 31. Ne3 Ne4 32. Rdc2 Nf2+ 33. Kg1 Nd3
34. Qg5 Nxc1 35. Nf5 Rxc2 {Source: Bulletin} 0-1

[Event "Benedictine IV"]
[Site "Manchester"]
[Date "1981.09.08"]
[Round "5"]
[White "Haik, Aldo"]
[Black "Davies, Nigel Rodney"]
[Result "1/2-1/2"]
[WhiteElo "2440"]
[BlackElo "2395"]
[PlyCount "68"]
[EventDate "1981.09.04"]
[EventType "swiss"]
[EventRounds "9"]
[EventCountry "ENG"]
[SourceTitle "Bulletin 1981"]

1. c4 g6 2. d4 Bg7 3. Nc3 d6 4. Nf3 Bg4 5. g3 Nc6 6. d5 Bxf3 7. exf3 Nd4 8. Bh3
c5 9. O-O Nh6 10. Re1 Nhf5 11. Bxf5 Nxf5 12. g4 Nd4 13. Bg5 O-O 14. Bxe7 Re8
15. Bxd8 Rxe1+ 16. Qxe1 Nxf3+ 17. Kg2 Nxe1+ 18. Rxe1 Rxd8 19. Re7 Rb8 20. Nb5
Kf8 21. Rd7 Be5 22. f4 Bxf4 23. Nxa7 g5 24. Nb5 Re8 25. Rxb7 Re2+ 26. Kf3 Rxh2
27. a4 Rh3+ 28. Ke2 h5 29. a5 Re3+ 30. Kf1 hxg4 31. a6 Rf3+ 32. Ke2 Re3+ 33.
Kf1 Rf3+ 34. Ke2 Re3+ {Source: Bulletin} 1/2-1/2

[Event "Benedictine IV"]
[Site "Manchester"]
[Date "1981.09.08"]
[Round "5"]
[White "Henley, Ron W"]
[Black "Sydor, Andrzej"]
[Result "1-0"]
[WhiteElo "2455"]
[BlackElo "2420"]
[PlyCount "55"]
[EventDate "1981.09.04"]
[EventType "swiss"]
[EventRounds "9"]
[EventCountry "ENG"]
[SourceTitle "Bulletin 1981"]

1. d4 Nf6 2. c4 e6 3. Nf3 d5 4. Nc3 Bb4 5. Bg5 h6 6. Bxf6 Qxf6 7. e3 c6 8. Rc1
Nd7 9. Bd3 O-O 10. O-O g6 11. e4 dxe4 12. Nxe4 Qg7 13. c5 Ba5 14. Bc4 Bc7 15.
b4 a6 16. Re1 Rd8 17. Qb3 g5 18. Rcd1 g4 19. Ne5 Nxe5 20. dxe5 Rxd1 21. Qxd1
Qxe5 22. Qxg4+ Kf8 23. Qh4 h5 24. Rd1 b5 25. cxb6 Bxb6 26. Nf6 a5 27. Nxh5 axb4
28. Rd8+ {Source: Bulletin} 1-0

[Event "Benedictine IV"]
[Site "Manchester"]
[Date "1981.09.08"]
[Round "5"]
[White "Kosten, Anthony C"]
[Black "Basman, Michael John"]
[Result "0-1"]
[WhiteElo "2315"]
[BlackElo "2400"]
[PlyCount "70"]
[EventDate "1981.09.04"]
[EventType "swiss"]
[EventRounds "9"]
[EventCountry "ENG"]
[SourceTitle "Bulletin 1981"]

1. e4 g5 2. f4 gxf4 3. Nf3 d6 4. d4 Bg7 5. Bxf4 c5 6. Bc4 cxd4 7. O-O Nc6 8. c3
Nf6 9. Qe2 Bg4 10. h3 Bh5 11. g4 Bg6 12. cxd4 Nxe4 13. Nc3 Nxc3 14. bxc3 O-O
15. Bg5 Qa5 16. Qd2 e5 17. Bh6 exd4 18. Bxg7 Kxg7 19. Rac1 Rac8 20. Bb3 dxc3
21. Qxd6 Rfe8 22. g5 Kg8 23. Qf6 Qc7 24. Nh4 Re2 25. Rf4 Qe7 26. Nxg6 Qe3+ 27.
Kf1 Qxh3+ 28. Kxe2 Re8+ 29. Ne7+ Rxe7+ 30. Qxe7 Nxe7 31. Rxf7 Kh8 32. Rf8+ Kg7
33. Rcf1 Qg2+ 34. Kd3 Qd2+ 35. Kc4 c2 {Source: Bulletin} 0-1